[Event "Saarland-ch Seniors 24th"]
[Site "Steinrausch"]
[Date "2005.03.21"]
[Round "4"]
[White "Schmidt, Erhard"]
[Black "Schuler, Dietmar"]
[Result "1-0"]
[WhiteElo "1818"]
[BlackElo "1723"]
[PlyCount "107"]
[EventDate "2005.03.18"]
[EventType "swiss"]
[EventRounds "9"]
[EventCountry "GER"]
[SourceTitle "EXT 2006"]
[Source "ChessBase"]
[SourceDate "2005.11.24"]
[SourceVersion "1"]
[SourceVersionDate "2005.11.24"]
[SourceQuality "1"]

1. g3 Nf6 2. Bg2 d5 3. c4 e6 4. cxd5 exd5 5. Nc3 c6 6. Nf3 Be7 7. 0-0 0-0 8. d4 Re8 9. Ne5 Nbd7 10. f4 Bd6 11. Qc2 Nb6 12. b3 Be6 13. Bd2 Rc8 14. Na4 Nxa4 15. bxa4 c5 16. Qb2 Re7 17. f5 Bd7 18. Bg5 Bc6 19. Bxf6 gxf6 20. Ng4 Re8 21. dxc5 Be5 22. Nxe5 fxe5 23. f6 d4 24. Qd2 Kh8 25. Qg5 Rg8 26. Qxe5 Rg6 27. Rad1 Bxg2 28. Kxg2 Qc7 29. Qxc7 Rxc7 30. Rxd4 Rxc5 31. Rd8+ Rg8 32. Rxg8+ Kxg8 33. Rd1 h6 34. Rd8+ Kh7 35. Rd7 Kg6 36. Rxb7 Rc2 37. Kf3 Rc3+ 38. Kf2 Ra3 39. Rxa7 Kxf6 40. a5 Rxa2 41. h4 Ra3 42. e3 Ra1 43. Ra6+ Kg7 44. Ra8 Ra3 45. a6 Ra1 46. Kf3 Ra4 47. e4 Ra3+ 48. Kf4 Ra5 49. g4 Ra4 50. a7 Ra5 51. h5 f6 52. Ke3 Ra4 53. Kd3 Kf7 54. Rh8 1-0

[Event "Saarland-ch Seniors 24th"]
[Site "Steinrausch"]
[Date "2005.03.19"]
[Round "2"]
[White "Gimber, Robert"]
[Black "Schuler, Dietmar"]
[Result "1/2-1/2"]
[WhiteElo "1710"]
[BlackElo "1723"]
[PlyCount "80"]
[EventDate "2005.03.18"]
[EventType "swiss"]
[EventRounds "9"]
[EventCountry "GER"]
[SourceTitle "EXT 2006"]
[Source "ChessBase"]
[SourceDate "2005.11.24"]
[SourceVersion "1"]
[SourceVersionDate "2005.11.24"]
[SourceQuality "1"]

1. Nf3 Nf6 2. d4 e6 3. c4 Be7 4. Nc3 d5 5. Bg5 Nbd7 6. e3 0-0 7. Rc1 Re8 8. Bd3 c6 9. 0-0 Bd6 10. e4 dxe4 11. Nxe4 Be7 12. Qc2 h6 13. Bh4 Nxe4 14. Bxe7 Rxe7 15. Bxe4 Nf6 16. Bd3 b6 17. Rcd1 Qc7 18. Rfe1 Bb7 19. b4 Rd8 20. Qb3 Red7 21. Bb1 Kf8 22. a3 c5 23. bxc5 bxc5 24. dxc5 Ng4 25. Rxd7 Rxd7 26. c6 Bxc6 27. Be4 Bxe4 28. Rxe4 Nf6 29. Re1 Rd6 30. Rb1 Rb6 31. Qd1 Qxc4 32. Qd8+ Ne8 33. Rd1 Qc2 34. Ne5 Rb1 35. Nd7+ Kg8 36. Qxe8+ Kh7 37. Nf8+ Kg8 38. Nxe6+ Kh7 39. Nf8+ Kg8 40. Nd7+ Kh7 1/2-1/2